| 000 | 00647nam a2200241Ia 4500 | ||
|---|---|---|---|
| 008 | 180523s9999 xx 000 0 und d | ||
| 020 | _a978-0-390-98918-5 | ||
| 050 | _aMAIN P 90 | ||
| 050 | _b.L36 2009 | ||
| 100 | _aLangan, John | ||
| 245 | 0 | _aBasic communication skills / | |
| 245 | 0 | _cJohn Langan. | |
| 260 | _aManila : | ||
| 260 | _bMc-Graw Hill Primis, | ||
| 260 | _c2009 | ||
| 300 | _a250 pages : | ||
| 300 | _billustrations ; | ||
| 300 | _c25 cm. | ||
| 500 | _aIncludes bibliographical references. | ||
| 650 | _aCommunication -- Programmed instruction. | ||
| 650 | _aOral communication. | ||
| 650 | _xCommunication arts. | ||
| 999 |
_c357341 _d357341 |
||